| 000 | 00843cam a22002777a 4500 | ||
|---|---|---|---|
| 999 |
_c219471 _d219471 |
||
| 001 | 14585052 | ||
| 003 | Nust | ||
| 005 | 20170209200807.0 | ||
| 008 | 060916s2006 ii 000 1 eng | ||
| 010 | _a 2006541892 | ||
| 020 | _a9788172235673 | ||
| 020 | _a8172235674 | ||
| 025 | _aI-E-2006-541892; 27 | ||
| 035 | _a(IN-NdUBS)UBS06002279 | ||
| 037 |
_bLibrary of Congress -- New Delhi Overseas Office _cRs295.00 |
||
| 040 |
_aDLC _cDLC |
||
| 042 | _alcode | ||
| 050 | 0 | 0 |
_aMLCS 2006/01350 (P) _aPR9499.3.G5318 |
| 082 |
_a823 _bGHO |
||
| 100 | 1 | _aGhose, Sagarika. | |
| 245 | 1 | 0 |
_aBlind faith / _cSagarika Ghose. |
| 260 |
_aNew Delhi : _bHarper Collins Publishers, _c2006. |
||
| 300 |
_a273 p. ; _c21 cm. |
||
| 500 | _aNovel. | ||
| 906 |
_a7 _bibc _corigode _d4 _encip _f20 _gy-gencatlg |
||
| 942 |
_2ddc _cBK |
||